| 000 | 00748pam a2200253 i 4500 | ||
|---|---|---|---|
| 001 | 1791390 | ||
| 003 | OSt | ||
| 005 | 20230619083411.0 | ||
| 008 | 780421s1979 nyua b 001 0 eng | ||
| 010 | _a 78008639 | ||
| 020 |
_a0195024648. _a019502463X |
||
| 040 |
_aDLC _cDLC _dDLC |
||
| 050 | 0 | 0 |
_aBF311 _b.K318 |
| 082 | 0 | 0 |
_a152.1 _bKAU |
| 100 | 1 | _aKaufman, Lloyd. | |
| 245 | 1 | 0 |
_aPerception : _bthe world transformed / _cLloyd Kaufman. |
| 260 |
_aNew York : _bOxford University Press, _c1979. |
||
| 300 |
_aviii, 416 p. : _bill. ; _c24 cm. |
||
| 504 | _aIncludes bibliographical references and indexes. | ||
| 650 | 0 | _aPerception. | |
| 650 | 0 | _aSenses and sensation. | |
| 906 |
_a7 _bcbc _corignew _d1 _eocip _f19 _gy-gencatlg |
||
| 942 |
_2ddc _cBK |
||
| 999 |
_c1144 _d1144 |
||